|
|
|
|
| LEADER |
00000nam0a2200000 4500 |
| 001 |
329173 |
| 005 |
20231102004133.0 |
| 035 |
|
|
|a (RuTPU)RU\TPU\book\354915
|
| 090 |
|
|
|a 329173
|
| 100 |
|
|
|a 20170309d1970 m y0rusy50 ca
|
| 101 |
0 |
|
|a rus
|
| 102 |
|
|
|a RU
|
| 105 |
|
|
|a a j 000zy
|
| 200 |
1 |
|
|a Новые вопросы теории эксплуатации и надежности радиоэлектронной аппаратуры
|e учебное пособие для дипломного проектирования
|h Вып. 4
|f Ленинградская военная инженерная Краснознаменная академия им. А. Ф. Можайского (ЛВИКА) ; под ред. Г. И. Владимировича
|
| 210 |
|
|
|a Ленинград
|c Изд-во Ленинградской военной инженерной Краснознаменной академии им. А. Ф. Можайского
|d 1970
|
| 215 |
|
|
|a 229 с.
|c ил.
|
| 606 |
1 |
|
|a Радиоэлектронная аппаратура
|x Надежность
|x Терминология
|2 stltpush
|3 (RuTPU)RU\TPU\subj\23431
|9 48028
|
| 610 |
1 |
|
|a эксплуатация
|
| 610 |
1 |
|
|a теория массового обслуживания
|
| 610 |
1 |
|
|a установки
|
| 610 |
1 |
|
|a аналоговые преобразователи
|
| 610 |
1 |
|
|a системы связи
|
| 610 |
1 |
|
|a полупроводниковые приборы
|
| 610 |
1 |
|
|a триггеры
|
| 610 |
1 |
|
|a многоканальные системы
|
| 610 |
1 |
|
|a расчеты
|
| 610 |
1 |
|
|a учебные пособия
|
| 610 |
1 |
|
|a дипломное проектирование
|
| 675 |
|
|
|a 621.396.6.019.3(076)
|v 4
|
| 702 |
|
1 |
|a Владимирович
|b Г. И.
|4 340
|
| 712 |
0 |
2 |
|a Ленинградская военная инженерная Краснознаменная академия им. А. Ф. Можайского (ЛВИКА)
|2 stltpush
|3 (RuTPU)RU\TPU\col\2704
|
| 801 |
|
1 |
|a RU
|b 63413507
|c 20170309
|
| 801 |
|
2 |
|a RU
|b 63413507
|c 20170314
|g RCR
|
| 942 |
|
|
|c BK
|